000 00227nam a2200097Ia 4500
001 646946
005 20250826153652.0
008 250824s9999 xx 000 0 und d
245 0 _aOLDUĞUN YERDE KAL
_cJOHN BOYNE
260 _bTUDEM
999 _c646946
_d646946